| 000 | 00600cam a2200229u 4500 | ||
|---|---|---|---|
| 001 | 18367 | ||
| 003 | BD-RjUL | ||
| 005 | 20211209000256.0 | ||
| 008 | 140220s1968 enk 000 1 eng | ||
| 035 | _a(BD-RjUL)18425 | ||
| 040 |
_aDLC _cCarP _dBD-RjUL _beng |
||
| 041 | _aeng | ||
| 082 | 0 | 0 |
_a823.9 _bLEM 1968 |
| 100 | 1 |
_aLeslie, Doris. _956570 |
|
| 245 | 1 | 4 |
_aThe marriage of Martha Todd / _cDoris Leslie. |
| 260 |
_aLondon : _bHeinemann, _cc1968. |
||
| 300 |
_a196 p. ; _c21 cm. |
||
| 650 | 0 |
_aFiction. _956571 |
|
| 942 |
_2ddc _cBK |
||
| 999 |
_c18367 _d18367 |
||